| 000 | 00594cam a22001691 4500 | ||
|---|---|---|---|
| 082 |
_a355.00954 _bTUK _cL-30, P-71 |
||
| 100 | 1 |
_aTuker, Sir Francis Ivan Simms, _946424 |
|
| 245 | 1 | 0 |
_aWhile memory serves; _b[the last two years of British rule in India] |
| 260 |
_aLondon, _bCassell _c[1950] |
||
| 300 |
_axiv, 668 p. _billus., port., maps (part fold.) _c22 cm. |
||
| 526 |
_a0 _b0 _c0 _d355_009540000000000_TUK |
||
| 526 |
_a0 _b0 _c0 _d355_009540000000000_TUK |
||
| 526 |
_a0 _b0 _c0 _d355_009540000000000_TUK |
||
| 526 |
_a0 _b0 _c0 _d355_009540000000000_TUK |
||
| 650 |
_aMCE _9379 |
||
| 942 |
_2ddc _cBK |
||
| 999 |
_c551490 _d551490 |
||